| 000 | 01505nam a22002057a 4500 | ||
|---|---|---|---|
| 999 |
_c63284 _d63284 |
||
| 005 | 20250723120009.0 | ||
| 008 | 250723s2022 en ||||| |||| 00| 0 eng d | ||
| 020 | _a9781119600046 X | ||
| 041 | _aeng | ||
| 080 | _a616.314-089.23 A-10 | ||
| 245 |
_aA practical approach to special care in dentistry / _cEditor : Pedro Diz Dios, Navdeep Kumar |
||
| 264 |
_a New Jersey : _bWiley Blackwell, _c2022. |
||
| 300 |
_a556 p.: _bill; _c29 cm. |
||
| 653 | _aA Practical Approach to Special Care in Dentistry delivers a comprehensive and robust overview of special care dentistry reflecting the most common compromised clinical conditions dentists will regularly encounter. It discusses more than 50 topics based on real-world clinical cases focusing on two main areas: patients with disabilities and medically compromised patients. The book uses a problem-based learning approach and helps the reader to apply knowledge in a clinical case context. Each chapter contains a case report establishing the main risk factors relating to the provision of dental treatment. That is followed by a practical and realistic set of adaptations for the reader to follow to minimise the rate and severity of potential complications for their patient. | ||
| 653 | _aსტომატოლოგია | ||
| 653 | _aმედიცინა | ||
| 700 |
_a Diz Dios, Pedro _925679 _eრედაქტორი |
||
| 700 |
_aKumar, Navdeep _925680 _qრედაქტორი _eრედაქტორი |
||
| 942 |
_2udc _cBK |
||